| 000 | 01943nam a2200457Ii 4500 | ||
|---|---|---|---|
| 001 | DIGHERDER0402 | ||
| 003 | NyNyDIG | ||
| 007 | cr ||||||||||| | ||
| 008 | 220510s2017 sp a o 000 0 spa d | ||
| 006 | m o d | ||
| 035 | _a(OCoLC)1328032660 | ||
| 040 |
_aDGITA _beng _erda _epn _cDGITA |
||
| 020 |
_a9788416763276 _qeBook _qePub |
||
| 020 | _z9788416763269 | ||
| 041 | 1 |
_aspa _heng |
|
| 050 | 1 | 4 | _aBT715 ebook |
| 110 | 2 |
_aBaraeti Āto Wākusu, _eauthor. |
|
| 240 | 1 | 0 |
_aManga de dokuha, Sickness unto death. _lSpanish _s(Madinabeitia) |
| 245 | 1 | 3 |
_aLa enfermedad mortal : _bel manga / _cSoren Kierkegaard ; adaptación, Variety Artworks ; traducción y epílogo, Maite Madinabeitia. |
| 264 | 1 |
_aBarcelona : _bLa Otra H, _c2017. |
|
| 300 |
_a1 online resource : _billustrations. |
||
| 336 |
_atext _btxt _2rdacontent |
||
| 337 |
_acomputer _bc _2rdamedia |
||
| 338 |
_aonline resource _bcr _2rdacarrier |
||
| 347 |
_atext file _2rdaft |
||
| 347 | _bEPUB | ||
| 588 | 0 | _aOnline resource; title from ePub title page (Digitalia, viewed May 10, 2022) | |
| 650 | 0 |
_aSin _xChristianity _vComic books, strips, etc. |
|
| 650 | 0 |
_aExistentialism _vComic books, strips, etc. |
|
| 655 | 7 |
_aComics (Graphic works) _2lcgft |
|
| 655 | 0 | _aElectronic books. | |
| 700 | 1 |
_aMadinabeitia, Maite, _etranslator. |
|
| 700 | 1 |
_iGraphic novelization of (work): _aKierkegaard, Søren, _d1813-1855. _tSickness unto death. |
|
| 710 | 2 |
_iTranslation of: _aBaraeti Āto Wākusu. _tManga de dokuha, Sickness unto death. |
|
| 791 | 2 |
_aDigitalia (Firm), _edistributor. |
|
| 793 | 0 |
_gDigitalia eBook Collection: _aHerder Editorial |
|
| 776 | 0 | 8 |
_iPrint version: _aBaraeti Āto Wākusu. _sManga de dokuha, Sickness unto death. Spanish (Madinabeitia). _tEnfermedad mortal. _dBarcelona : La Otra H, 2017 _z9788416763269 |
| 856 | 4 | 0 |
_3Digitalia Hispánica _uhttps://www.digitaliapublishing.com/a/61422/ |
| 910 | _aPremium collection: 2022 | ||
| 942 | _cRAA | ||
| 999 |
_c257675 _d257675 |
||